000 00875nmc a2200313 a 4500
003 AR-BaBNM
005 20251128211717.0
008 025120s2003 ||||||||||||||000 | spa||
020 _a987-9020-15-4
040 _cAR-BaBNM
100 1 _aMascialino, Lorenzo
245 1 0 _aGuía para el aprendizaje del griego clásico
_bprimer nivel
250 _a1ª ed.
260 _aBuenos Aires
_bJorge Baudino Ediciones
_c2003
_bUniversidad Nacional de Gral. San Martín
300 0 _a143 p.
490 0 _aCuadernos de cátedra
650 4 _aLITERATURA GRIEGA
650 4 _aGRAMATICA
650 4 _aFILOLOGIA
650 4 _aGRIEGO CLASICO
650 4 _aSINTAXIS
650 4 _aENSENANZA DE IDIOMAS
650 4 _aMORFOLOGIA [LINGUISTICA]
700 1 _aJuliá, Victoria
_eeditor
740 0 _aGriego/1
800 1 _aStorni, Alejandro
942 _cBK
998 _cmartin
999 _c20812
_d20812